Das hölzerne Wunder; (Record no. 4927)

MARC details
000 -LEADER
fixed length control field 00697cam a22002051 4500
001 - CONTROL NUMBER
control field af 48002218
003 - CONTROL NUMBER IDENTIFIER
control field DLC
005 - DATE AND TIME OF LATEST TRANSACTION
control field 20260227110854.0
008 - FIXED-LENGTH DATA ELEMENTS--GENERAL INFORMATION
fixed length control field 890508s1946 gw a 000 0 ger c
010 ## - LIBRARY OF CONGRESS CONTROL NUMBER
LC control number af 48002218
035 ## - SYSTEM CONTROL NUMBER
System control number (OCoLC)19678590
040 ## - CATALOGING SOURCE
Original cataloging agency Yale Univ. Library
Transcribing agency CU
Modifying agency DLC
042 ## - AUTHENTICATION CODE
Authentication code premarc
050 00 - LIBRARY OF CONGRESS CALL NUMBER
Classification number PT2623.U435
Item number H6
100 1# - MAIN ENTRY--PERSONAL NAME
Personal name Lück, Alfred.
245 14 - TITLE STATEMENT
Title Das hölzerne Wunder;
Remainder of title Geschichten und Gedichte von Liebe und Leid.
260 ## - PUBLICATION, DISTRIBUTION, ETC.
Place of publication, distribution, etc. Kreuztal,
Name of publisher, distributor, etc. Jung-Stilling-Verlag,
Date of publication, distribution, etc. 1946.
300 ## - PHYSICAL DESCRIPTION
Extent 78 p.
Other physical details illus.
Dimensions 19 cm.
505 0# - FORMATTED CONTENTS NOTE
Formatted contents note Das hölzerne Wunder.--Der Träumer.--Die rote Marie.--Das Christkind im Tunnel.--Am alten Littfelder Mühlenteich.--Die Gnadenglocke.

No items available.

Powered by Koha